Código procesal Penal: concordancias e índice de materias
Bewaard in:
| Coauteur: | |
|---|---|
| Andere auteurs: | |
| Formaat: | Boek |
| Taal: | Spaans |
| Gepubliceerd in: |
Santiago, Chile:
Legal Publishing; Thomson Reuters,
2013
|
| Editie: | Decimotercera Edición. |
| Onderwerpen: | |
| Tags: |
Voeg label toe
Geen labels, Wees de eerste die dit record labelt!
|
MARC
| LEADER | 00000cam a2200000 a 4500 | ||
|---|---|---|---|
| 001 | UCF7039 | ||
| 003 | CL-VaPUC | ||
| 005 | 20241002123055.0 | ||
| 008 | 130606e20130000CL |||||||||||||||||spa|d | ||
| 999 | |c 351999 |d 351997 | ||
| 020 | |a 9789563462746 | ||
| 040 | |c Pontificia Universidad Católica de Valparaíso | ||
| 082 | 0 | 4 | |a 345.8305 CHI 2013 |2 21 |
| 110 | 1 | |a Chile |9 890760 | |
| 245 | 1 | 0 | |a Código procesal Penal: concordancias e índice de materias |
| 250 | |a Decimotercera Edición. |b Actualizada al 4 de enero de 2013. | ||
| 260 | |a Santiago, Chile: |b Legal Publishing; |b Thomson Reuters, |c 2013 | ||
| 300 | |a 262 páginas | ||
| 505 | |a Mensaje -Libro Primero. Disposiciones Generales. -Libro Segundo. Procedimiento Ordinario. -Libro Tercero. Recursos. -Libro Cuarto. Procedimientos Especiales y Ejecución. Apéndice: -Ley N.º 19.640. Establece la Ley Orgánica Constitucional del Ministerio Público (D.O. de 15 de octubre de 1999). -Ley N.º 19.718. Crea la Defensoría Penal Pública (D.O. de 10 de marzo de 2001). | ||
| 583 | |a last modification |c 20130606 11:56:00 |k Rodrigo Vera | ||
| 650 | 1 | |a Derecho penal chileno |9 891924 | |
| 650 | 1 | |a Derecho procesal penal |9 891925 | |
| 650 | 1 | |a Código procesal penal |9 432657 | |
| 650 | 1 | |a Jurisprudencia procesal |9 254972 | |
| 700 | |a Núñez Ojeda, Raúl Eduardo |9 891926 | ||
| 942 | |c BK |2 ddc | ||
| 945 | |d 20130606 00:00:00 |a dcastane | ||
| 952 | |0 0 |1 0 |4 0 |6 345_830500000000000_CHI_2013 |7 0 |8 R |9 456478 |a BIBDER |b BIBDER |d 2019-11-22 |i 4970667 |l 10 |o 345.8305 CHI 2013 |p 4970667 |r 2024-03-19 |s 2024-03-19 |w 2019-11-22 |y BK_R |k DER | ||